Arizona Capitol Times

Bibliographic Details
Format: eBook
Language:English
Published: Minneapolis: bridgeTower Media Holding Company, LLC, 2014 -
Subjects:
Online Access:Acceso restringido

MARC

LEADER 00000nam a22000007a 4500
005 20191018130553.0
007 cr|||| ||||
008 191018c20149999us dr|w s|||| 0|||b1eng d
022 |a 0744-7477 
035 |a 4271 
040 |a vLex 
090 |c 9913  |d 9913 
245 0 0 |a Arizona Capitol Times  |h [Recurso electrn̤ico] / 
256 |a Servicio en ln̕ea 
260 |a Minneapolis:  |b bridgeTower Media Holding Company, LLC,  |c 2014 - 
300 |a 1 recurso electrn̤ico 
310 |a Diaria 
506 1 |a Disponible solo en los productos indicados  |d vLex Global  |d vLex Global (Academic Edition, excluding Law Schools)  |d vLex Global (Academic Edition, Law Schools) 
650 0 4 |a Ciencia polt̕ica  |z Estados Unidos 
650 0 4 |a Interš general  |z Estados Unidos 
740 0 |a vLex Revistas (Servicio en ln̕ea) 
856 4 0 |u http://vlex.com/source/4271  |z Acceso restringido 
942 |c REV 
999 0 |a Political Science 
999 0 |a General interest